Исследование мерсеризованной сульфитной целлюлозы методом гидролиза; Сборник трудов Всесоюзного научно-исследовательского института гидролизной и сульфитно-спиртовой промышленности (ВНИИГС); Том 3

Bibliografiske detaljer
Parent link:Сборник трудов Всесоюзного научно-исследовательского института гидролизной и сульфитно-спиртовой промышленности (ВНИИГС)/ Всесоюзный научно-исследовательский институт гидролизной и сульфитно-спиртовой промышленности (ВНИИГС).— , 1950-1956
Том 3.— 1950.— С. 5-21
Hovedforfatter: Шарков В. И.
Andre forfattere: Кликашева М. Н., Трухтенкова Н. Е.
Sprog:russisk
Udgivet: 1950
Format: MixedMaterials Book Chapter
KOHA link:https://koha.lib.tpu.ru/cgi-bin/koha/opac-detail.pl?biblionumber=195227

MARC

LEADER 00000naa2a2200000 4500
001 195227
005 20231031182801.0
035 |a (RuTPU)RU\TPU\book\212965 
090 |a 195227 
100 |a 20110505d1950 k y0rusy50 ca 
101 0 |a rus 
102 |a RU 
200 1 |a Исследование мерсеризованной сульфитной целлюлозы методом гидролиза  |f В. И. Шарков, М. Н. Кликашева, Н. Е. Трухтенкова 
320 |a Библиогр.: с. 20-21 (22 назв.) 
461 0 |0 (RuTPU)RU\TPU\book\211871  |t Сборник трудов Всесоюзного научно-исследовательского института гидролизной и сульфитно-спиртовой промышленности (ВНИИГС)  |f Всесоюзный научно-исследовательский институт гидролизной и сульфитно-спиртовой промышленности (ВНИИГС)  |d 1950-1956 
463 0 |0 (RuTPU)RU\TPU\book\212310  |t Том 3  |f под ред. В. И. Шаркова  |v С. 5-21  |d 1950  |p 155 с. 
700 1 |a Шарков  |b В. И. 
701 1 |a Кликашева  |b М. Н. 
701 1 |a Трухтенкова  |b Н. Е. 
801 1 |a RU  |b 63413507  |c 20110505 
801 2 |a RU  |b 63413507  |c 20111007  |g RCR 
942 |c BK